Städte in Baden-Württemberg - Karten-Quiz - Statistiken

Allgemein
  • Dieses Quiz wurde 132 mal gespielt
  • Das Durchschnittsergebnis liegt bei 15 aus 19
Antworten auf der Karte
Die Antworten werden auf der Karte rot bzw. grün angezeigt, abhängig davon wie oft sie richtig erraten wurden.
 
Antwortstatistiken
Antwort % Korrekt
Konstanz
98%
Freiburg im Breisgau
91%
Karlsruhe
89%
Ulm
89%
Mannheim
87%
Stuttgart
86%
Heidelberg
83%
Lörrach
81%
Villingen-Schwenningen
79%
Pforzheim
76%
Heilbronn
75%
Offenburg
75%
Ravensburg
75%
Baden-Baden
73%
Schwäbisch Hall
72%
Tübingen
70%
Biberach
65%
Aalen
61%
Göppingen
61%
Keine übereinstimmenden Quizze gefunden
Verteilung der Resultate
Anzahl Personen mit jedem Resultat
Perzentil nach korrekt beantworteten Fragen
Ihre Resultats-Entwicklung
Sie haben dieses Quiz noch nicht gespielt